[Event "Titled Tuesday intern op 07th May Late"]
[Site "Chess.com INT"]
[Date "2024.05.07"]
[Round "4"]
[White "Bynum, Jacorey"]
[Black "Danielian, Vardan"]
[Result "0-1"]
[WhiteElo "1961"]
[BlackElo "2230"]
[PlyCount "60"]
[EventDate "2024.05.07"]
[EventType "swiss (blitz)"]
[EventRounds "11"]
[EventCountry "USA"]
[SourceTitle "EXT 2025"]
[Source "ChessBase"]
[SourceDate "2024.10.14"]
[SourceVersion "1"]
[SourceVersionDate "2024.10.14"]
[SourceQuality "1"]

1. e4 c5 2. Nf3 d6 3. d4 cxd4 4. Nxd4 Nf6 5. Nc3 g6 6. f3 Nc6 7. Be3 Bg7 8. Qd2 0-0 9. 0-0-0 Nxd4 10. Bxd4 Be6 11. Kb1 Qc7 12. g4 Rfc8 13. h4 Qa5 14. g5 Rxc3 15. Qxc3 Qxa2+ 16. Kc1 Rc8 17. Qa3 Qxa3 18. bxa3 Nh5 19. Bxg7 Kxg7 20. Bh3 Bxh3 21. Rxh3 Nf4 22. Rh2 Rc3 23. Rf2 Rxa3 24. Kb2 Ra5 25. Rd4 h6 26. gxh6+ Kxh6 27. Rb4 b6 28. Rd2 Rc5 29. c4 Rh5 30. Rh2 Nd3+ 0-1

[Event "Titled Tuesday intern op 07th May Early"]
[Site "Chess.com INT"]
[Date "2024.05.07"]
[Round "1"]
[White "Danielian, Vardan"]
[Black "Chernov, Alexander A"]
[Result "1-0"]
[WhiteElo "2230"]
[BlackElo "2314"]
[PlyCount "67"]
[EventDate "2024.05.07"]
[EventType "swiss (blitz)"]
[EventRounds "11"]
[EventCountry "USA"]
[SourceTitle "EXT 2025"]
[Source "ChessBase"]
[SourceDate "2024.10.14"]
[SourceVersion "1"]
[SourceVersionDate "2024.10.14"]
[SourceQuality "1"]

1. d4 Nf6 2. Nf3 e6 3. c4 b6 4. g3 Bb7 5. Bg2 Be7 6. 0-0 0-0 7. Nc3 Ne4 8. Bd2 d6 9. Rc1 Nd7 10. Re1 c5 11. d5 exd5 12. cxd5 Ndf6 13. Nxe4 Nxe4 14. Bf4 Re8 15. Qd3 Bf6 16. b3 a5 17. Nd2 Nxd2 18. Qxd2 b5 19. h4 a4 20. e4 axb3 21. axb3 Bd4 22. b4 f6 23. Kh2 Qb6 24. bxc5 dxc5 25. Red1 b4 26. Be3 Bxe3 27. Qxe3 Rac8 28. h5 h6 29. Kg1 b3 30. Rb1 Qb4 31. Rxb3 Qa4 32. Rdb1 Ba6 33. Rb6 c4 34. Qc3 1-0

[Event "Titled Tuesday intern op 07th May Early"]
[Site "Chess.com INT"]
[Date "2024.05.07"]
[Round "6"]
[White "Danielian, Vardan"]
[Black "Novikova, Galina"]
[Result "1/2-1/2"]
[WhiteElo "2230"]
[BlackElo "2073"]
[PlyCount "159"]
[EventDate "2024.05.07"]
[EventType "swiss (blitz)"]
[EventRounds "11"]
[EventCountry "USA"]
[SourceTitle "EXT 2025"]
[Source "ChessBase"]
[SourceDate "2024.10.14"]
[SourceVersion "1"]
[SourceVersionDate "2024.10.14"]
[SourceQuality "1"]

1. Nf3 d5 2. d4 c6 3. c4 e6 4. Nc3 dxc4 5. e4 b5 6. a4 Bb4 7. Bd2 a5 8. axb5 Bxc3 9. bxc3 cxb5 10. Be2 Bb7 11. Qb1 Ba6 12. 0-0 Ne7 13. Bg5 0-0 14. Bxe7 Qxe7 15. Rxa5 Nc6 16. Rxa6 Rxa6 17. Qxb5 Qa7 18. Qxc4 Rb6 19. d5 exd5 20. exd5 Na5 21. Qh4 Nb3 22. Bd3 Rh6 23. Qb4 Nc5 24. Bb1 Nd7 25. Re1 Qc5 26. Qxc5 Nxc5 27. Nd4 Rd8 28. c4 Rb6 29. Nb5 g6 30. g3 Rc8 31. Kg2 Na4 32. Bd3 Nb2 33. d6 Kf8 34. Bf1 Nxc4 35. d7 Rd8 36. Re8+ Rxe8 37. dxe8Q+ Kxe8 38. Bxc4 Kf8 39. Be2 Rc6 40. h4 Rc2 41. Bf3 Rb2 42. Nd4 Kg7 43. Nc6 f5 44. Ne5 Kf6 45. Nd7+ Kg7 46. Nc5 Ra2 47. Ne6+ Kf6 48. Nf4 Rb2 49. Bd5 Kg7 50. Kf3 Rd2 51. Ke3 Rb2 52. Bf3 h6 53. Bd5 g5 54. hxg5 hxg5 55. Ne2 Kf6 56. Bg2 Rb3+ 57. Kd2 Ra3 58. f3 Ra2+ 59. Ke3 Ke5 60. f4+ gxf4+ 61. gxf4+ Kf6 62. Bd5 Ra3+ 63. Kd4 Rh3 64. Nc3 Rh4 65. Ne2 Rh2 66. Bf3 Rh8 67. Ke3 Rd8 68. Kf2 Rh8 69. Nd4 Rb8 70. Ke3 Rb1 71. Ne2 Rb3+ 72. Kf2 Ra3 73. Ng3 Ra2+ 74. Be2 Ra3 75. Bc4 Ra4 76. Bd3 Rxf4+ 77. Ke3 Rb4 78. Nxf5 Rb3 79. Kd4 Rxd3+ 80. Kxd3 1/2-1/2

[Event "Titled Tuesday intern op 07th May Early"]
[Site "Chess.com INT"]
[Date "2024.05.07"]
[Round "11"]
[White "Danielian, Vardan"]
[Black "Vardanyan, Aras"]
[Result "0-1"]
[WhiteElo "2230"]
[BlackElo "2314"]
[PlyCount "54"]
[EventDate "2024.05.07"]
[EventType "swiss (blitz)"]
[EventRounds "11"]
[EventCountry "USA"]
[SourceTitle "EXT 2025"]
[Source "ChessBase"]
[SourceDate "2024.10.14"]
[SourceVersion "1"]
[SourceVersionDate "2024.10.14"]
[SourceQuality "1"]

1. d4 g6 2. Nf3 Bg7 3. g3 d6 4. Bg2 Nf6 5. 0-0 0-0 6. c4 Nc6 7. Nc3 a6 8. h3 Rb8 9. Be3 b5 10. c5 b4 11. Na4 Bf5 12. Rc1 Qd7 13. d5 Na5 14. Nd4 Bxh3 15. c6 Qc8 16. Qd3 Bxg2 17. Kxg2 Nxd5 18. Nb3 Nxe3+ 19. Qxe3 Nxb3 20. axb3 e6 21. Rh1 Rb5 22. Rc4 Qe8 23. Rch4 Qxc6+ 24. f3 Re5 25. Qd2 h5 26. g4 Qb5 27. e4 Rg5 0-1

[Event "Titled Tuesday intern op 07th May Early"]
[Site "Chess.com INT"]
[Date "2024.05.07"]
[Round "3"]
[White "Weetik, Vjacheslav"]
[Black "Danielian, Vardan"]
[Result "1/2-1/2"]
[WhiteElo "2423"]
[BlackElo "2230"]
[PlyCount "86"]
[EventDate "2024.05.07"]
[EventType "swiss (blitz)"]
[EventRounds "11"]
[EventCountry "USA"]
[SourceTitle "EXT 2025"]
[Source "ChessBase"]
[SourceDate "2024.10.14"]
[SourceVersion "1"]
[SourceVersionDate "2024.10.14"]
[SourceQuality "1"]

1. d4 Nf6 2. Nf3 g6 3. g3 Bg7 4. Bg2 0-0 5. 0-0 d6 6. b3 a5 7. Bb2 a4 8. c4 axb3 9. axb3 Rxa1 10. Bxa1 Ne4 11. e3 Nc6 12. Nfd2 Nxd2 13. Qxd2 e5 14. Na3 exd4 15. exd4 Re8 16. Nb5 Ne7 17. Re1 c6 18. Nc3 Nf5 19. d5 Nd4 20. Rxe8+ Qxe8 21. Qd1 Bg4 22. Qxg4 Qe1+ 23. Bf1 Qxa1 24. Qc8+ Bf8 25. Ne4 Nf3+ 26. Kg2 Ne1+ 27. Kg1 Nf3+ 28. Kg2 Ne1+ 29. Kg1 Qe5 30. Qe8 Nf3+ 31. Kg2 Ne1+ 32. Kh1 cxd5 33. cxd5 Qxd5 34. Kg1 Nf3+ 35. Kh1 Nd2 36. Bg2 Nxe4 37. Bxe4 Qe5 38. Qxe5 dxe5 39. Bxb7 f5 40. Bd5+ Kg7 41. Kg2 Kf6 42. f3 Bb4 43. h3 h5 1/2-1/2

[Event "Titled Tuesday intern op 30th Apr Late"]
[Site "Chess.com INT"]
[Date "2024.04.30"]
[Round "6"]
[White "Castellanos Villela, Alejandro"]
[Black "Danielian, Vardan"]
[Result "1-0"]
[WhiteElo "2202"]
[BlackElo "2230"]
[PlyCount "83"]
[EventDate "2024.04.30"]
[EventType "swiss (blitz)"]
[EventRounds "11"]
[EventCountry "USA"]
[SourceTitle "EXT 2025"]
[Source "ChessBase"]
[SourceDate "2024.10.14"]
[SourceVersion "1"]
[SourceVersionDate "2024.10.14"]
[SourceQuality "1"]

1. Nf3 Nf6 2. g3 g6 3. b3 Bg7 4. Bb2 0-0 5. Bg2 d6 6. d4 Nbd7 7. 0-0 e5 8. dxe5 Ng4 9. c4 Ndxe5 10. Nc3 Re8 11. Qd2 Bh6 12. Qc2 Bf5 13. e4 Bd7 14. Rad1 Nxf3+ 15. Bxf3 Bg7 16. Nd5 Ne5 17. Bg2 c6 18. Ne3 Qe7 19. Qd2 Ng4 20. Bxg7 Kxg7 21. Nxg4 Bxg4 22. f3 Be6 23. Qxd6 Qxd6 24. Rxd6 Red8 25. Rfd1 Rxd6 26. Rxd6 a5 27. a4 b5 28. axb5 cxb5 29. cxb5 Bxb3 30. Ra6 Rc8 31. Bf1 a4 32. b6 Rc1 33. b7 Bc4 34. b8Q Rxf1+ 35. Kg2 Bxa6 36. Qe5+ Kg8 37. Qe8+ Kg7 38. Qxa4 Be2 39. Qd4+ Kg8 40. Qd8+ Kg7 41. Qd2 Ba6 42. Qa2 1-0

[Event "Titled Tuesday intern op 30th Apr Late"]
[Site "Chess.com INT"]
[Date "2024.04.30"]
[Round "1"]
[White "Danielian, Vardan"]
[Black "Andreikin, Dmitry"]
[Result "0-1"]
[WhiteElo "2230"]
[BlackElo "2729"]
[PlyCount "110"]
[EventDate "2024.04.30"]
[EventType "swiss (blitz)"]
[EventRounds "11"]
[EventCountry "USA"]
[SourceTitle "EXT 2025"]
[Source "ChessBase"]
[SourceDate "2024.10.14"]
[SourceVersion "1"]
[SourceVersionDate "2024.10.14"]
[SourceQuality "1"]

1. d4 d5 2. c4 e6 3. Nf3 a6 4. cxd5 exd5 5. Nc3 c6 6. Bf4 Bd6 7. Bxd6 Qxd6 8. e3 Ne7 9. Bd3 0-0 10. 0-0 Bf5 11. Bxf5 Nxf5 12. Qd3 Ne7 13. b4 Nd7 14. a4 Nb6 15. a5 Nd7 16. Na4 Ng6 17. Nc5 Qc7 18. Qf5 Nf6 19. Ne5 Rae8 20. Nxg6 fxg6 21. Qh3 Rf7 22. Rab1 h5 23. Ne6 Qd7 24. Ng5 Qxh3 25. Nxh3 Ne4 26. Nf4 Kh7 27. Rb2 g5 28. Nd3 g4 29. Ne5 Rf5 30. f3 gxf3 31. gxf3 Nd6 32. Kf2 g5 33. Ke2 Kh6 34. Rc2 Rfxe5 35. dxe5 Rxe5 36. Kd3 Nf5 37. e4 Nd6 38. Re1 g4 39. fxg4 dxe4+ 40. Kc3 hxg4 41. Rd2 Re6 42. Red1 Nf5 43. Rd7 Kg5 44. Rxb7 e3 45. Rf7 Ne7 46. Kd3 Nd5 47. Ke2 Nc3+ 48. Ke1 Nxd1 49. Kxd1 Rh6 50. Rc7 Rxh2 51. Rxc6 g3 52. Rc8 g2 53. Rg8+ Kf4 54. b5 Rh1+ 55. Ke2 g1Q 0-1

[Event "Titled Tuesday intern op 30th Apr Late"]
[Site "Chess.com INT"]
[Date "2024.04.30"]
[Round "7"]
[White "Danielian, Vardan"]
[Black "Lopez del Alamo, Antonio"]
[Result "1/2-1/2"]
[WhiteElo "2230"]
[BlackElo "2237"]
[PlyCount "67"]
[EventDate "2024.04.30"]
[EventType "swiss (blitz)"]
[EventRounds "11"]
[EventCountry "USA"]
[SourceTitle "EXT 2025"]
[Source "ChessBase"]
[SourceDate "2024.10.14"]
[SourceVersion "1"]
[SourceVersionDate "2024.10.14"]
[SourceQuality "1"]

1. d4 Nf6 2. Nf3 g6 3. c4 Bg7 4. Nc3 0-0 5. g3 d6 6. Bg2 Bf5 7. 0-0 Ne4 8. Nxe4 Bxe4 9. Bg5 Nd7 10. Qd2 c5 11. Bh6 Bxh6 12. Qxh6 Bxf3 13. Bxf3 cxd4 14. Rad1 Qb6 15. Qd2 e5 16. e3 dxe3 17. Qxe3 Qxe3 18. fxe3 Nc5 19. Rxd6 e4 20. Be2 Rfd8 21. Rfd1 Rxd6 22. Rxd6 Kf8 23. b4 Ne6 24. c5 Ke7 25. Bc4 Ng5 26. Kf2 a5 27. h4 Ne6 28. Bxe6 fxe6 29. Rb6 axb4 30. Rxb7+ Kf6 31. Rxb4 Rxa2+ 32. Kf1 Rc2 33. Rxe4 Rxc5 34. Kf2 1/2-1/2

[Event "Titled Tuesday intern op 30th Apr Late"]
[Site "Chess.com INT"]
[Date "2024.04.30"]
[Round "4"]
[White "Danielian, Vardan"]
[Black "Tarhan, Adar"]
[Result "0-1"]
[WhiteElo "2230"]
[BlackElo "2446"]
[PlyCount "86"]
[EventDate "2024.04.30"]
[EventType "swiss (blitz)"]
[EventRounds "11"]
[EventCountry "USA"]
[SourceTitle "EXT 2025"]
[Source "ChessBase"]
[SourceDate "2024.10.14"]
[SourceVersion "1"]
[SourceVersionDate "2024.10.14"]
[SourceQuality "1"]

1. d4 Nf6 2. Nf3 b6 3. c4 Bb7 4. Nc3 e6 5. e3 Bb4 6. Bd3 g5 7. 0-0 g4 8. Nd2 h5 9. e4 Nc6 10. Nb3 Nh7 11. d5 Ne5 12. Ne2 Ng5 13. Bf4 Bd6 14. Kh1 Qf6 15. Qd2 Nxd3 16. Bxd6 Nxf2+ 17. Kg1 cxd6 18. Rxf2 Qxf2+ 19. Kxf2 Nxe4+ 20. Ke3 Nxd2 21. Nxd2 exd5 22. cxd5 Bxd5 23. Nf4 Be6 24. Ne4 Ke7 25. Rd1 Rac8 26. Nxd6 Rc5 27. Ne4 Re5 28. Kd4 d6 29. g3 Rc8 30. b3 Rc2 31. Nd3 Rd5+ 32. Ke3 Bf5 33. Rf1 Bxe4 34. Kxe4 Rxd3 35. Kxd3 Rxh2 36. Rc1 Rxa2 37. Rc7+ Ke6 38. Ke4 Rb2 39. Rxa7 Rxb3 40. Kf4 Rf3+ 41. Kg5 Rxg3 42. Kxh5 f5 43. Kg5 Rf3 0-1

[Event "Titled Tuesday intern op 30th Apr Late"]
[Site "Chess.com INT"]
[Date "2024.04.30"]
[Round "3"]
[White "Nakamura, Hikaru"]
[Black "Danielian, Vardan"]
[Result "0-1"]
[WhiteElo "2789"]
[BlackElo "2230"]
[PlyCount "222"]
[EventDate "2024.04.30"]
[EventType "swiss (blitz)"]
[EventRounds "11"]
[EventCountry "USA"]
[SourceTitle "EXT 2025"]
[Source "ChessBase"]
[SourceDate "2024.10.14"]
[SourceVersion "1"]
[SourceVersionDate "2024.10.14"]
[SourceQuality "1"]

1. a4 Nf6 2. h4 d5 3. g3 h5 4. Nh3 g6 5. d3 Bg7 6. Bg2 0-0 7. Nd2 c5 8. c3 Nc6 9. 0-0 e5 10. e4 d4 11. c4 Ng4 12. Nf3 Nb4 13. Ne1 Qe7 14. a5 Bd7 15. Bd2 b6 16. Qe2 Rfb8 17. Bxb4 cxb4 18. b3 Qc5 19. axb6 axb6 20. Nc2 Bh6 21. Qe1 Rxa1 22. Qxa1 b5 23. Qa5 Bf8 24. Ne1 bxc4 25. Qxc5 Bxc5 26. dxc4 Ra8 27. Nd3 Be7 28. Rb1 f6 29. Bf1 Kf7 30. c5 Rc8 31. Nxb4 Rxc5 32. Bc4+ Be6 33. Bxe6+ Kxe6 34. Nd5 Rc2 35. Ra1 d3 36. Kg2 Bc5 37. b4 Bxf2 38. Nxf2 Rxf2+ 39. Kg1 Rb2 40. Rd1 Nf2 41. Rf1 Nh3+ 42. Kh1 Nf2+ 43. Kg1 Nh3+ 44. Kh1 d2 45. Ne3 g5 46. Nd1 Rb1 47. Kg2 g4 48. Nc3 Rxb4 49. Ra1 Rb2 50. Nd1 Rc2 51. Kf1 Rc1 52. Ra6+ Kd7 53. Ke2 Ng1+ 54. Kxd2 Rc4 55. Rxf6 Rd4+ 56. Kc2 Nf3 57. Nc3 Rd2+ 58. Kb3 Rg2 59. Rh6 Rxg3 60. Rxh5 Nd4+ 61. Kc4 Rf3 62. Rxe5 Ne6 63. Rf5 Rxf5 64. exf5 Ng7 65. f6 Nh5 66. Kd5 Nxf6+ 67. Ke5 Nh5 68. Kf5 g3 69. Ne2 g2 70. Kg5 Ng7 71. Kg6 Ne6 72. Kf5 Nd4+ 73. Nxd4 g1Q 74. Nf3 Qf1 75. Ke4 Qh3 76. Kf4 Ke7 77. Ke3 Kf6 78. Kf4 Kg6 79. Ke4 Kh5 80. Kf4 Qg4+ 81. Ke3 Qg3 82. Ke4 Qf2 83. Nd4 Kxh4 84. Kd5 Kg5 85. Ne6+ Kf6 86. Nc5 Qe3 87. Ne4+ Kf5 88. Nd6+ Kf4 89. Nc4 Qe4+ 90. Kc5 Qc2 91. Kd4 Qd1+ 92. Kc3 Ke4 93. Nd2+ Kd5 94. Kd3 Qa1 95. Ke3 Qd4+ 96. Ke2 Qe5+ 97. Kd3 Qe8 98. Nb3 Qg6+ 99. Kc3 Qg3+ 100. Kc2 Qe3 101. Nd2 Kd4 102. Nb3+ Kc4 103. Nd2+ Kb4 104. Nb1 Qb3+ 105. Kc1 Qa2 106. Nd2 Kc3 107. Ne4+ Kd3 108. Nc5+ Kc4 109. Nd7 Qe2 110. Nb6+ Kb3 111. Nd5 Qc2# 0-1

[Event "Titled Tuesday intern op 30th Apr Late"]
[Site "Chess.com INT"]
[Date "2024.04.30"]
[Round "8"]
[White "Prydun, Andriy"]
[Black "Danielian, Vardan"]
[Result "0-1"]
[WhiteElo "2162"]
[BlackElo "2230"]
[PlyCount "114"]
[EventDate "2024.04.30"]
[EventType "swiss (blitz)"]
[EventRounds "11"]
[EventCountry "USA"]
[SourceTitle "EXT 2025"]
[Source "ChessBase"]
[SourceDate "2024.10.14"]
[SourceVersion "1"]
[SourceVersionDate "2024.10.14"]
[SourceQuality "1"]

1. e4 c5 2. Nf3 d6 3. Bb5+ Bd7 4. Qe2 Bxb5 5. Qxb5+ Qd7 6. a4 Nf6 7. e5 a6 8. Qxd7+ Nfxd7 9. exd6 e6 10. b3 Bxd6 11. Bb2 f6 12. Na3 Nc6 13. Nc4 Bc7 14. d4 cxd4 15. Nxd4 Nxd4 16. Bxd4 e5 17. Be3 Ke7 18. 0-0 b5 19. axb5 axb5 20. Na3 Rhb8 21. Nxb5 Rxa1 22. Nxc7 Rxf1+ 23. Kxf1 Kd6 24. Na6 Rb5 25. b4 Rb7 26. c4 Nb8 27. Nxb8 Rxb8 28. b5 f5 29. f3 f4 30. Bf2 Ra8 31. Ke2 Ra2+ 32. Ke1 Rc2 33. c5+ Kd5 34. c6 Kd6 35. Bg1 Rc1+ 36. Kf2 Rb1 37. g3 Rxb5 38. gxf4 exf4 39. Kg2 Rb1 40. Bd4 g6 41. Bf6 Kxc6 42. Be5 Kd5 43. Bxf4 Kd4 44. Kg3 Kd3 45. Kg2 Ke2 46. Bg5 Rf1 47. f4 Rb1 48. Bf6 Rb5 49. Be5 Rb3 50. Bf6 Rd3 51. Be5 Ke3 52. Kg3 Ke4+ 53. Kg2 Rf3 54. h4 Rxf4 55. Bxf4 Kxf4 56. h5 Kg4 57. hxg6 hxg6 0-1

[Event "Titled Tuesday intern op 23rd Apr Late"]
[Site "Chess.com INT"]
[Date "2024.04.23"]
[Round "8"]
[White "Horak, Martin"]
[Black "Danielian, Vardan"]
[Result "1-0"]
[WhiteElo "2333"]
[BlackElo "2230"]
[PlyCount "77"]
[EventDate "2024.04.23"]
[EventType "swiss (blitz)"]
[EventRounds "11"]
[EventCountry "USA"]
[SourceTitle "CBM 219 Extra"]
[Source "ChessBase"]
[SourceDate "2024.05.31"]
[SourceVersion "1"]
[SourceVersionDate "2024.05.31"]
[SourceQuality "1"]

1. e4 c5 2. Nf3 d6 3. d4 cxd4 4. Qxd4 a6 5. Be2 e6 6. 0-0 Nf6 7. c4 Be7 8. Nc3 Qc7 9. Rd1 Nbd7 10. b3 0-0 11. Ba3 Ne5 12. Bxd6 Bxd6 13. Qxd6 Qxd6 14. Rxd6 Nc6 15. Rad1 e5 16. h3 h6 17. Bd3 Be6 18. Bb1 Rfd8 19. Rxd8+ Rxd8 20. Rxd8+ Nxd8 21. Nxe5 Kf8 22. f4 Ke7 23. Kf2 Kd6 24. Ke3 Kc5 25. Nd3+ Kb6 26. Nd5+ Ka5 27. Bc2 Bxd5 28. cxd5 Kb6 29. Kd4 Nh5 30. g4 Ng3 31. Ke3 g5 32. Kf3 Nf1 33. Ke2 Ng3+ 34. Ke3 gxf4+ 35. Nxf4 f6 36. Kf2 Nxe4+ 37. Bxe4 Kc5 38. Ne6+ Nxe6 39. dxe6 1-0